| 000 | 01005nam a22002177a 4500 | ||
|---|---|---|---|
| 999 |
_c8299 _d8299 |
||
| 003 | AR-CdUCM | ||
| 008 | 190322b ||||| |||| 00| 0 spa d | ||
| 020 | _a84-8387-048-7 | ||
| 040 |
_aMUNICIPALIDAD PROVINCIAL DEL CUSCO _cBIBLIOTECA MUNICIPAL DEL CUSCO |
||
| 082 |
_22ed. _a306.980 / _bUR73 |
||
| 245 | _aTradición y Modernidad en Los Andes / | ||
| 260 |
_aCusco - Perú : _bCentro Bartolomé de las Casas ; _c1997. |
||
| 300 |
_a338 páginas ; _c22cm |
||
| 440 |
_aEstudios y Debates Regionales Andinos _n86 _923332 |
||
| 505 | _aContenido: Los indios en la transición de Colonia a República -- República sin indios -- Entre polleras, ñañacas y lliqllas -- Fronteras interiores y exteriores -- La jerarquía político-religiosa actual en la sierra surandina... | ||
| 650 |
_aComunidades indígenas _93290 |
||
| 700 |
_aUrbano, Hernrique (compilador) _923333 |
||
| 710 |
_aCentro de Estudios Regionales Andinos, Bartolomé de Las Casas - Cusco _923334 |
||
| 942 |
_2ddc _cLIBROS |
||
| 945 | _anom | ||